02580cam a2200577 i 450000100090000000300040000900500170001300800410003001000170007102000290008802000260011703500240014304002150016704100130038204200140039505000250040908200180043410000420045224000350049424500880052925000190061726400360063626400110067230000230068333600260070633700280073233800270076038000160078738500230080350002160082652002300104254600500127260000210132260000470134365000140139065000460140465000150145065000150146565000580148065000590153865000460159765000400164365000720168365500210175565500250177665500470180165500430184865500510189165500280194265500320197022118016OSt20231007154821.0210707t20212021nyu 000 0deng d a 2021304062 a9780593355626qhardcover a0593355628qhardcover a(OCoLC)on1237654443 aLNCbengerdacLNCdOCLCOdTCHdJASdOCLCOdTZIdVP@dSLVdOCOdOCLCOdHQDdLMJdBDXdNHPdYDXdJTDdGK8dLIVdOCLCFdUAPdILCdSLPLMdSINLBdYU6dOCLCOdPZFdOCLCOdCLEdORXdOCLCOdTYAdOCLCOdZLFdOCLCOdDLC1 aenghspa alccopycat00aHQ1206b.A43513 202100a305.42bALL/S1 aAllende, Isabeleauthor,etranslator.10aMujeres del alma mia.lEnglish14aThe soul of a woman b /cIsabel Allende ; [English translation by Isabel Allende]. aFirst edition. 1aNew York :bBloomsbury,c[2021] 4c©2021 a174 pages ;c20 cm atextbtxt2rdacontent aunmediatedbn2rdamedia avolumebnc2rdacarrier aBook2tlcgt aGeneral2tlctarget a"Originally published in Spanish in Spain as Mujeres del alma mia: Sobre el amor impaciente, la vida larga y las brujas buenas by Penguin Random House Grupo editorial, S.A., Barcelona in 2020"--Title page verso. aThe author describes her lifelong commitment to feminism in a meditation on what it means to be a woman, discussing progress within the movement in her lifetime, what remains to be done, and how to move forward in the future. aText in English, translated from the Spanish.10aAllende, Isabel.17aAllende, Isabel.2fast0(OCoLC)fst00139068 0aFeminism. 0aSelf-actualization (Psychology) in women. 0aFeminists. 1aFeminists. 7aSOCIAL SCIENCE / Feminism & Feminist Theory.2bisacsh 7aBIOGRAPHY & AUTOBIOGRAPHY / Personal Memoirs.2bisacsh 7aSOCIAL SCIENCE / Gender Studies.2bisacsh 7aFeminism.2fast0(OCoLC)fst00922671 7aSelf-actualization (Psychology) in women.2fast0(OCoLC)fst01741869 0aAutobiographies. 0aPersonal narratives. 7aAutobiographies.2fast0(OCoLC)fst01919894 7aBiographies.2fast0(OCoLC)fst01919896 7aPersonal narratives.2fast0(OCoLC)fst01423843 7aAutobiographies.2lcgft 7aPersonal narratives.2lcgft